| 000 | 00901nam a2200217Ii 4500 | ||
|---|---|---|---|
| 003 | JO-AjNU | ||
| 008 | 230605s9999||||xx |||||||||||||| ||und|| | ||
| 017 | _a1999/16673 | ||
| 020 | _a977-01-6651-4 | ||
| 040 |
_aJO-AjNU _bara _erda _cJO-AjNU |
||
| 041 | _aara | ||
| 050 | 1 | 4 | _aDT95.7 2000 |
| 100 | 3 |
_aتاليف عامر، فاطمة مصطفى, _eauthor _939036 |
|
| 245 | 0 | 0 | _aتاريخ أهل الذمة في مصر الإسلامية من الفتح العربي إلى نهاية العصر الفاطمي، الجزء الأول |
| 264 | 3 | 1 | _aالقاهرة: الهيئة المصرية العامة للكتاب،2000 |
| 300 | _aج1، 558ص | ||
| 336 |
_atext _btxt _2rdacontent |
||
| 337 |
_aunmediated _bn _2rdamedia |
||
| 338 |
_avolume _bnc _2rdacarrier |
||
| 650 | 4 |
_aمصر-التاريخ الاسلامي- من الفتح العربي - العصر الفاطمي-تاريخ _939037 |
|
| 999 |
_aA16452 _c20020 _d20020 |
||